000 00684nam a2200205 i 4500
001 133855
003 ES-MaACL
005 20230906194539.0
007 t|
008 070903s1943 be |||| | fre d
080 _a811.124'367.625
100 1 _aMastronardi, Basile.
_978876
245 1 0 _aVerba latina
_b= Les verbes latins = I verbi latini = Die lateinischen zeitwörter /
_cBasile Mastronardi.
260 _aLausanne :
_bLibrairie Payot,
_c1943.
300 _a171 p. ;
_c19 cm.
500 _aÍndice.
546 _aTexto en francés, italiano y alemán.
650 1 4 _aLengua latina-
_xVerbo.
_914308
852 _aES-MaACL
_jE-12107
_z. - Biblioteca Jacinto Martínez Lacalle
999 _c133855
_d133855